Estudio de prefactibilidad para fabricación de vivienda modular de uso temporal para el municipio de Managua
El proyecto Estudio de prefactibilidad para fabricación de vivienda modular De uso temporal para el municipio de Managua consiste en equipar al SINAPRED y empresas del sector construcción, de una alternativa innovadora y de rápida respuesta ante la necesidad de albergar a personas
| Main Authors: | , |
|---|---|
| Other Authors: | |
| Format: | Tesis Section = Libro |
| Language: | Undetermined Spanish |
| Published: |
Managua
UNI
2019
|
| Subjects: |
| LEADER | 01211nam a2200277Ia 4500 | ||
|---|---|---|---|
| 008 | 240830s9999 xx 000 0 und d | ||
| 040 | |a BIBLIOTECA-RUSB/ M.Mon 658.835 F634 | ||
| 041 | |a spa | ||
| 082 | |a M.Mon 658.835 F634 | ||
| 100 | 1 | |a Flores Amador, Humberto Daniel | |
| 100 | 1 | |b Maltez Urbina, José Ramón | |
| 245 | 1 | 0 | |a Estudio de prefactibilidad para fabricación de vivienda modular de uso temporal para el municipio de Managua |
| 260 | |a Managua |b UNI |c 2019 | ||
| 300 | |a 84 p. :il. | ||
| 500 | |a Contiene: anexos y CD. | ||
| 502 | |a Tesis (Master en Gerencia de Proyectos de Desarrollo.) - UNI, 2019. | ||
| 520 | 3 | |a El proyecto Estudio de prefactibilidad para fabricación de vivienda modular De uso temporal para el municipio de Managua consiste en equipar al SINAPRED y empresas del sector construcción, de una alternativa innovadora y de rápida respuesta ante la necesidad de albergar a personas | |
| 650 | 7 | |a VIVIENDAS-FABRICACION-PROYECTOS | |
| 650 | 7 | |b ESTUDIOS DE FACTIBILIDAD | |
| 650 | 7 | |c ESTUDIO DE MERCADO | |
| 650 | 7 | |d EVALUACION FINANCIERA | |
| 650 | 7 | |e IMPACTO AMBIENTAL | |
| 700 | 1 | |a Tutor: |b García, Juan Ramón | |
| 942 | |c BK |2 ddc | ||
| 991 | |a TESIS | ||
| 999 | |c 19516 | ||